[Event "IV Weekend"]
[Site "Casaleone ITA"]
[Date "2011.06.05"]
[Round "6"]
[White "Bellini, Luca"]
[Black "Cavalleri, Giuseppe"]
[Result "1-0"]
[WhiteElo "1705"]
[BlackElo "1819"]
[PlyCount "93"]
[EventDate "2011.05.28"]

1. d4 d5 2. Nf3 Nf6 3. h3 e6 4. e3 c5 5. b3 Nc6 6. Bb2 Be7 7. Nbd2 O-O 8. a3 b6
9. Bd3 Bb7 10. O-O Rc8 11. Qe2 Qc7 12. Ne5 cxd4 13. exd4 Bd6 14. f4 g6 15. Rae1
Nh5 16. Qg4 f5 17. Qf3 Bxe5 18. fxe5 Qe7 19. Qf2 Qg5 20. Nf3 Qg3 21. c4 Na5 22.
Qc2 dxc4 23. bxc4 Bxf3 24. Re3 Qh4 25. Rexf3 Nc6 26. Qf2 Qxf2+ 27. R1xf2 Rfd8
28. d5 exd5 29. cxd5 Na5 30. d6 Kf7 31. g4 Ng7 32. Bb1 b5 33. gxf5 gxf5 34.
Bxf5 Nxf5 35. Rxf5+ Ke6 36. Rf6+ Kd5 37. Rf7 Nc4 38. Re7 Nxb2 39. Rxb2 Rc1+ 40.
Kf2 Rf8+ 41. Ke2 Rff1 42. d7 Rce1+ 43. Kd2 Rd1+ 44. Kc2 Kc5 45. e6 a5 46. Re8
Rc1+ 47. Kd3 1-0

[Event "IV Weekend"]
[Site "Casaleone ITA"]
[Date "2011.06.05"]
[Round "6"]
[White "Benedetti, Maurizio"]
[Black "Rossi, Gianni"]
[Result "1-0"]
[WhiteElo "1752"]
[BlackElo "1813"]
[PlyCount "82"]
[EventDate "2011.05.28"]

1. e4 Nf6 2. e5 Nd5 3. d4 d6 4. c4 Nb6 5. exd6 cxd6 6. Nf3 g6 7. Nc3 Bg7 8. Be3
O-O 9. c5 dxc5 10. dxc5 N6d7 11. Qd2 Re8 12. Bc4 Ne5 13. Qxd8 Rxd8 14. Nxe5
Bxe5 15. Ke2 Nc6 16. Rhd1 Bf5 17. Bd3 Bxd3+ 18. Rxd3 Rxd3 19. Kxd3 Nb4+ 20. Kc4
Nc2 21. Rd1 Nxe3+ 22. fxe3 Bxc3 23. Kxc3 Kf8 24. Rd7 Rb8 25. b4 Ke8 26. Rd5 e6
27. Rd6 Ke7 28. Rd2 Rc8 29. Kc4 f6 30. a4 e5 31. b5 Rc7 32. a5 f5 33. Rd6 e4
34. Kd5 g5 35. Re6+ Kf7 36. Kd6 Rxc5 37. Re7+ Kf6 38. Rxb7 Re5 39. Rf7+ Kg6 40.
Kxe5 f4 41. Rf6+ Kg7 1-0

[Event "IV Weekend"]
[Site "Casaleone ITA"]
[Date "2011.06.05"]
[Round "6"]
[White "Boscolo Gnolo, Michele"]
[Black "Benaddi, Redouane"]
[Result "0-1"]
[WhiteElo "1816"]
[BlackElo "1704"]
[PlyCount "78"]
[EventDate "2011.05.28"]

1. d4 Nf6 2. c4 g6 3. Nc3 d6 4. g3 Bg7 5. Bg2 c6 6. Nf3 Qa5 7. O-O Qh5 8. e4
Bg4 9. Qd3 Bh3 10. Ne2 Bxg2 11. Kxg2 Qg4 12. e5 dxe5 13. Nxe5 Qe4+ 14. Qxe4
Nxe4 15. f3 Nd6 16. b3 Nf5 17. Bb2 Ne3+ 18. Kf2 Nxf1 19. Rxf1 Nd7 20. Rd1 Nxe5
21. dxe5 Rd8 22. Ke1 Rxd1+ 23. Kxd1 Kd7 24. Kc2 e6 25. f4 Rd8 26. Nc3 g5 27.
Ne4 gxf4 28. gxf4 Rg8 29. Bc1 b6 30. Kd3 Bh6 31. Ng3 Rg4 32. Be3 Rh4 33. Nf1
Bg7 34. Ke2 f6 35. exf6 Bxf6 36. Kf3 e5 37. Kg3 Rh6 38. Nd2 Rg6+ 39. Kf3 exf4
0-1

[Event "IV Weekend"]
[Site "Casaleone ITA"]
[Date "2011.06.05"]
[Round "6"]
[White "Fiscato, Claudio"]
[Black "Caldonazzo, Matteo"]
[Result "0-1"]
[WhiteElo "1831"]
[BlackElo "1976"]
[PlyCount "66"]
[EventDate "2011.05.28"]

1. e4 e5 2. Nf3 Nc6 3. Bc4 Nf6 4. Ng5 d5 5. exd5 Na5 6. Bb5+ c6 7. dxc6 bxc6 8.
Be2 h6 9. Nf3 e4 10. Ne5 Qd4 11. Ng4 Nxg4 12. Bxg4 Bc5 13. O-O e3 14. Bxc8
exf2+ 15. Kh1 Rxc8 16. d3 O-O 17. Nd2 Rfe8 18. Nf3 Qg4 19. Bd2 Nb7 20. c3 Be3
21. Bxe3 Rxe3 22. Rxf2 Nc5 23. Ne1 Qxd1 24. Rxd1 Rce8 25. Rf1 Re2 26. Rb1 Na4
27. Nf3 Rxb2 28. Rxb2 Nxb2 29. Nd4 c5 30. Nb3 Nxd3 31. h3 Re2 32. Rf5 Rxa2 33.
Nxc5 Ra5 0-1

[Event "IV Weekend"]
[Site "Casaleone ITA"]
[Date "2011.06.05"]
[Round "6"]
[White "Furnari, Franco"]
[Black "Negro, Raffaele"]
[Result "0-1"]
[WhiteElo "1929"]
[BlackElo "1903"]
[PlyCount "96"]
[EventDate "2011.05.28"]

1. e4 g6 2. d4 Bg7 3. Nf3 d6 4. Be3 Nd7 5. Nc3 a6 6. Bd3 e6 7. O-O Ne7 8. h3 b6
9. Qd2 h6 10. Nh2 Bb7 11. Ne2 Nf6 12. Ng4 Nxe4 13. Bxe4 Bxe4 14. Bxh6 Bxh6 15.
Nxh6 Nf5 16. Nxf5 gxf5 17. f3 Bb7 18. c4 Qh4 19. Qf4 Qh5 20. c5 Rg8 21. Kh2
bxc5 22. dxc5 e5 23. Qa4+ c6 24. cxd6 O-O-O 25. Qa5 Rxd6 26. Qxe5 Re6 27. Nf4
Qg5 28. Qd4 Qg3+ 29. Kg1 Re2 30. Rf2 Rxf2 31. Qxf2 Qxf4 32. Rd1 Qg3 33. Qxg3
Rxg3 34. Kf2 Rg6 35. Rd2 f4 36. h4 Kc7 37. Rd4 Rf6 38. g3 fxg3+ 39. Kxg3 c5 40.
Rf4 Rxf4 41. Kxf4 Kd6 42. Kg4 Ke6 43. h5 Kf6 44. a3 Bc8+ 45. Kh4 Kf5 46. Kg3
Kg5 47. Kf2 Kxh5 48. Ke2 Bb7 0-1

[Event "IV Weekend"]
[Site "Casaleone ITA"]
[Date "2011.06.05"]
[Round "6"]
[White "Jimchi, Abdelaziz"]
[Black "Adami, Antonio"]
[Result "1/2-1/2"]
[WhiteElo "1877"]
[BlackElo "1710"]
[PlyCount "142"]
[EventDate "2011.05.28"]

1. d4 f5 2. g3 Nf6 3. Bg2 g6 4. c4 Bg7 5. Nc3 O-O 6. Bg5 d6 7. Nf3 Nbd7 8. Qc2
c6 9. O-O Qe8 10. Rfe1 Qf7 11. b3 h6 12. Bxf6 Nxf6 13. Rad1 Bd7 14. Nh4 e5 15.
e4 g5 16. Nxf5 Bxf5 17. exf5 exd4 18. Rxd4 Ne8 19. Rdd1 Bxc3 20. Qxc3 Qxf5 21.
Qd4 Qf6 22. Qxf6 Rxf6 23. Re7 Rf7 24. Rde1 Nf6 25. R7e6 Rd8 26. Rd1 d5 27. cxd5
cxd5 28. h3 b6 29. Bf1 Kg7 30. Rc1 d4 31. Bd3 Re8 32. Rd6 Ne4 33. Bxe4 Rxe4 34.
Rc2 Re1+ 35. Kg2 Rd1 36. b4 d3 37. Rb2 Re7 38. Rb3 d2 39. Rbd3 Rb1 40. R6d4 Rf7
41. Rxd2 Re1 42. h4 gxh4 43. Rxh4 Re6 44. Rhd4 Ref6 45. f4 Kg6 46. Rd7 h5 47.
Rxf7 Rxf7 48. Kf3 Rc7 49. Rd3 Kf6 50. g4 hxg4+ 51. Kxg4 Rg7+ 52. Kf3 Rh7 53.
Ke4 Re7+ 54. Kd4 Kf5 55. Rf3 Re4+ 56. Kc3 a5 57. bxa5 bxa5 58. a3 Ra4 59. Kb3
Re4 60. a4 Rb4+ 61. Ka3 Re4 62. Rc3 Kxf4 63. Rc5 Re3+ 64. Kb2 Re5 65. Rc4+ Kf5
66. Kc3 Ke6 67. Rc8 Kd7 68. Rc4 Kd6 69. Rh4 Kc6 70. Rh6+ Kc7 71. Kc4 Rg5
1/2-1/2

[Event "IV Weekend"]
[Site "Casaleone ITA"]
[Date "2011.06.05"]
[Round "6"]
[White "Leone, Cataldo"]
[Black "Pisani, Valerio"]
[Result "0-1"]
[WhiteElo "1602"]
[BlackElo "1720"]
[PlyCount "76"]
[EventDate "2011.05.28"]

1. d4 Nf6 2. c4 e6 3. Nc3 c5 4. d5 exd5 5. cxd5 d6 6. e4 g6 7. Nf3 Bg7 8. Bb5+
Bd7 9. Qa4 O-O 10. O-O a6 11. Bxd7 Nbxd7 12. Re1 b5 13. Qd1 Ng4 14. h3 Nge5 15.
Be3 Nc4 16. Qc1 Nxb2 17. Bh6 Nd3 18. Qe3 Nxe1 19. Rxe1 b4 20. Bxg7 Kxg7 21. Ne2
Qf6 22. Ng3 Ne5 23. Nd2 c4 24. f4 Nd3 25. Rf1 Rac8 26. Nxc4 Rxc4 27. Qxd3 Rc3
28. Nh5+ gxh5 29. Qxa6 Qd4+ 30. Kh2 Qxe4 31. Qxd6 Rd3 32. f5 f6 33. Rc1 Qe5+
34. Qxe5 fxe5 35. Rc7+ Rf7 36. Rc4 Rxd5 37. g4 hxg4 38. hxg4 Rd4 0-1

[Event "IV Weekend"]
[Site "Casaleone ITA"]
[Date "2011.06.05"]
[Round "6"]
[White "Menini, Luca"]
[Black "Orlandi, Paolo"]
[Result "1-0"]
[WhiteElo "1710"]
[BlackElo "1606"]
[PlyCount "73"]
[EventDate "2011.05.28"]

1. e4 c5 2. Nf3 d6 3. d4 cxd4 4. Nxd4 Nf6 5. Nc3 a6 6. Be2 b5 7. a3 Bd7 8. O-O
g6 9. Be3 Bg7 10. Qd2 Nc6 11. Nxc6 Bxc6 12. f3 O-O 13. Bh6 Qc7 14. Bxg7 Kxg7
15. h4 h5 16. Rac1 Rad8 17. Nd5 Bxd5 18. exd5 Qc5+ 19. Kh1 Qxd5 20. Bd3 Qd4 21.
Qb4 Qxb4 22. axb4 Nd5 23. c3 Rc8 24. Ra1 Nc7 25. Rfe1 e6 26. Rad1 d5 27. f4 Ne8
28. Ra1 Rc6 29. Ra2 Nd6 30. Rea1 Ra8 31. g3 Ne8 32. Bxb5 axb5 33. Rxa8 Nd6 34.
R1a6 Rc8 35. Rxc8 Nxc8 36. Rc6 Ne7 37. Rc5 1-0

[Event "IV Weekend"]
[Site "Casaleone ITA"]
[Date "2011.06.05"]
[Round "6"]
[White "Molina, Fabrizio"]
[Black "Guerra, Alessandro"]
[Result "1-0"]
[WhiteElo "2236"]
[BlackElo "2225"]
[PlyCount "103"]
[EventDate "2011.05.28"]

1. Nf3 Nf6 2. c4 c5 3. g3 Nc6 4. Bg2 e5 5. Nc3 d6 6. d3 h6 7. a3 Be7 8. Rb1 a5
9. O-O O-O 10. Ne1 Be6 11. Nd5 Bxd5 12. cxd5 Nd4 13. e3 Nb5 14. Nc2 a4 15. Bd2
Nc7 16. e4 Nd7 17. Bh3 Nb6 18. Qh5 Bg5 19. f4 Bf6 20. fxe5 Bxe5 21. Kg2 Nd7 22.
Bxh6 gxh6 23. Qg4+ Bg7 24. Qxd7 Qxd7 25. Bxd7 Rfd8 26. Bg4 Nb5 27. Rf2 Nd4 28.
Ne3 b5 29. Rbf1 Ra7 30. Bh5 Rdd7 31. Ng4 Rdb7 32. Ne3 Be5 33. h4 Rc7 34. g4 f6
35. Kh3 Rg7 36. Rxf6 Bxf6 37. Rxf6 Rae7 38. Bg6 Rd7 39. Nf5 Nxf5 40. Bxf5 Rd8
41. Rxh6 Rb7 42. Rg6+ Kh8 43. g5 c4 44. dxc4 bxc4 45. Rh6+ Kg8 46. Kg4 Rxb2 47.
Kh5 Rb7 48. g6 Re7 49. Kg5 c3 50. Kf6 c2 51. Kxe7 Rf8 52. Rh8+ 1-0

[Event "IV Weekend"]
[Site "Casaleone ITA"]
[Date "2011.06.05"]
[Round "6"]
[White "Molinaroli, Giacomo"]
[Black "Bertani, Gianfranco"]
[Result "0-1"]
[WhiteElo "1852"]
[BlackElo "2063"]
[PlyCount "104"]
[EventDate "2011.05.28"]

1. e4 c5 2. Nf3 Nc6 3. c3 d6 4. d4 Nf6 5. Bd3 Bg4 6. dxc5 dxc5 7. O-O e6 8. Bf4
Be7 9. Qe2 O-O 10. Na3 Nh5 11. Bg3 Nxg3 12. hxg3 Ne5 13. Rad1 Qc7 14. Bc2 a6
15. Nc4 Nxc4 16. Qxc4 b5 17. Qe2 c4 18. e5 Bxf3 19. gxf3 a5 20. Qe4 g6 21. Rd2
Rfd8 22. Rfd1 Rxd2 23. Rxd2 Rc8 24. f4 Bc5 25. Kg2 Kg7 26. a4 Qb6 27. axb5 Qxb5
28. Bd1 a4 29. g4 a3 30. bxa3 Bxa3 31. f5 exf5 32. gxf5 Bb2 33. f6+ Kg8 34. Qf4
Ba3 35. Bg4 Qc6+ 36. f3 Ra8 37. Bd7 Qc7 38. Qd4 Bc5 39. Qd5 Ra1 40. f4 Bf8 41.
Qe4 Qa7 42. Qd4 Bc5 43. Qd5 Qa3 44. e6 Qxc3 45. exf7+ Kh8 46. f8=Q+ Bxf8 47. f7
Kg7 48. Bg4 Qe3 49. Qd4+ Qxd4 50. Rxd4 c3 51. Be6 c2 52. Rc4 c1=Q 0-1

[Event "IV Weekend"]
[Site "Casaleone ITA"]
[Date "2011.06.05"]
[Round "6"]
[White "Pieropan, Giorgio"]
[Black "Bonini, Roberto"]
[Result "1-0"]
[WhiteElo "1712"]
[BlackElo "1874"]
[PlyCount "55"]
[EventDate "2011.05.28"]

1. Nf3 Nf6 2. g3 d6 3. Bg2 g6 4. O-O Bg7 5. d3 O-O 6. c3 e5 7. Nbd2 Nc6 8. Qc2
Rb8 9. b4 b6 10. b5 Na5 11. Nb3 Nb7 12. a4 Bd7 13. Nfd2 Qc8 14. Bb2 Bh3 15. a5
Bxg2 16. Kxg2 Qg4 17. axb6 axb6 18. f3 Qh5 19. e4 Nd7 20. Qd1 Ndc5 21. Nxc5
Nxc5 22. Nb3 Ne6 23. Bc1 Bh6 24. Bxh6 Qxh6 25. Qc1 Qh5 26. d4 f6 27. Qe3 Rf7
28. d5 1-0

[Event "IV Weekend"]
[Site "Casaleone ITA"]
[Date "2011.06.05"]
[Round "6"]
[White "Turazza, Silvia"]
[Black "Mulone, Gaspare"]
[Result "1-0"]
[WhiteElo "1731"]
[BlackElo "1666"]
[PlyCount "121"]
[EventDate "2011.05.28"]

1. d4 Nf6 2. Nf3 g6 3. e3 Bg7 4. c4 c6 5. Bd3 d6 6. Nc3 Nbd7 7. O-O O-O 8. Bd2
d5 9. e4 dxe4 10. Nxe4 Nxe4 11. Bxe4 Nf6 12. Bc2 Bg4 13. Be3 Rc8 14. h3 Bxf3
15. Qxf3 Rc7 16. Rad1 Rd7 17. Bb3 Qc8 18. d5 c5 19. Rfe1 Ne8 20. Ba4 Rd8 21.
Bg5 f6 22. Bf4 Rf7 23. Re2 Nd6 24. Qd3 Qf5 25. Qxf5 Nxf5 26. Rde1 Bf8 27. g4
Nd6 28. Bb3 g5 29. Be3 b6 30. Rc1 Nb7 31. Bc2 Kh8 32. Bf5 Nd6 33. Bd3 Rg7 34.
a3 Re8 35. b4 cxb4 36. axb4 e5 37. c5 bxc5 38. bxc5 Rc8 39. cxd6 Rxc1+ 40. Bxc1
Bxd6 41. Rc2 Rc7 42. Rxc7 Bxc7 43. Ba3 a5 44. d6 Bd8 45. Bf5 h6 46. d7 Kg7 47.
Kg2 Kf7 48. Kg3 Be7 49. Bxe7 Kxe7 50. h4 a4 51. Bc2 Kxd7 52. Bxa4+ Kd6 53. hxg5
hxg5 54. Bb3 Kc5 55. Kf3 Kd4 56. Bc2 Kc3 57. Bf5 Kd4 58. Bg6 Kd5 59. Be4+ Kd4
60. Bf5 Kd5 61. Ke3 1-0

[Event "IV Weekend"]
[Site "Casaleone ITA"]
[Date "2011.06.05"]
[Round "6"]
[White "Xia, Jie"]
[Black "Faccia, Sergio"]
[Result "1/2-1/2"]
[WhiteElo "2224"]
[BlackElo "2045"]
[PlyCount "96"]
[EventDate "2011.05.28"]

1. e4 e5 2. d4 exd4 3. Nf3 Nc6 4. Nxd4 Bc5 5. Nb3 Bb6 6. Nc3 Nf6 7. Bg5 d6 8.
Qe2 h6 9. Bh4 g5 10. Bg3 Qe7 11. O-O-O Bd7 12. a4 a6 13. Qe1 O-O-O 14. Bc4 Be6
15. Qe2 Bxc4 16. Qxc4 Rhe8 17. Rhe1 Ne5 18. Qb4 Nc6 19. Qc4 Ne5 20. Qf1 h5 21.
h3 h4 22. Bh2 Qe6 23. f4 gxf4 24. Qxf4 Rg8 25. Bg1 Nh5 26. Qxh4 Qh6+ 27. Kb1
Rxg2 28. Nd5 Ng6 29. Ne7+ Nxe7 30. Qxe7 Bxg1 31. Rxg1 Rxg1 32. Rxg1 Qf6 33.
Qxf6 Nxf6 34. Rf1 Nxe4 35. Rxf7 Ng5 36. Rg7 Nxh3 37. Nd4 Nf4 38. Rf7 Nd5 39. c4
Nb4 40. Kc1 Re8 41. Kd2 Nc6 42. Ne2 Ne5 43. Rf4 Kd7 44. b4 Rh8 45. Nc3 Rh2+ 46.
Ke3 Rh3+ 47. Kd2 Rh2+ 48. Ke3 Rh3+ 1/2-1/2